Statistics for CSI Franchise

Click here to take the quiz!

General Stats

  • This quiz has been taken 25 times
  • The average score is 11 of 64

Answer Stats

TypeYearNameInfo% Correct
TV Show2000-2015CSI: Crime Scene InvestigationCBS
100%
Video Game2003CSI: Crime Scene InvestigationUbi Soft / Aspyr
100%
Board Game2004CSI: Crime Scene Investigation: The Board GameSpecialty Board Games
100%
TV Show2002-2012CSI: MiamiCBS
95%
Video Game2004CSI: MiamiUbisoft / Gameloft
95%
Board Game2005CSI: Miami: The Board GameSpecialty Board Games
95%
TV Show2004-2013CSI: NYCBS
86%
Video Game2008CSI: NY - The GameUbisoft
82%
TV Show2015-2016CSI: CyberCBS
55%
Novel2004Grave MattersMax Allan Collins
14%
Novel2002Sin CityMax Allan Collins
14%
Novel2008Bad RapMax Allan Collins
9%
Comic Book2004Bad RapIDW Publishing
9%
Novel2005Binding TiesMax Allan Collins
9%
Novel2003Body of EvidenceMax Allan Collins
9%
Novel2003Cold BurnMax Allan Collins
9%
Video Game2012CSI: Miami - Heat WaveUbisoft
9%
Novel2005Cult FollowingDonn Cortez
9%
Novel2008Cut and RunDonn Cortez
9%
Novel2005Dead of WinterStuart M. Kaminsky
9%
Novel2001Double DealerMax Allan Collins
9%
Novel2003Florida GetawayMax Allan Collins
9%
Novel2004Heat WaveMax Allan Collins
9%
Novel2005Killing GameMax Allan Collins
9%
Novel2006RiptideDonn Cortez
9%
Novel2006Snake EyesMax Allan Collins
9%
Novel2006Blood on the SunStuart M. Kaminsky
5%
Novel2010Blood QuantumJeff Mariotte
5%
Comic Book2006Bloody MurderIDW Publishing
5%
Novel2009Brass in PocketJeff Mariotte
5%
Video Game2006CSI: 3 Dimensions of MurderUbisoft
5%
Video Game2010CSI: Crime CityUbisoft
5%
Video Game2004CSI: Dark MotivesUbisoft
5%
Video Game2009CSI: Deadly IntentUbisoft
5%
Video Game2010CSI: Fatal ConspiracyUbisoft
5%
Video Game2007CSI: Hard EvidenceUbisoft
5%
Magazine2007-2009CSI MagazineTitan Magazines
5%
Board Game2006CSI: Senses: The GameSpecialty Board Games
5%
Traveling Exhibition2007-PresentCSI: The ExperienceChicago
5%
Novel2010Dark SundaysDonn Cortez
5%
Novel2007DelugeStuart M. Kaminsky
5%
Comic Book2004Demon HouseIDW Publishing
5%
Comic Book2005DominosIDW Publishing
5%
Comic Book2006Dying in the GuttersIDW Publishing
5%
Novel2008Four WallsStuart M. Kaminsky
5%
Novel2007Harm for the Holidays: Heart AttackDonn Cortez
5%
Novel2006Harm for the Holidays: MisgivingsDonn Cortez
5%
Novel2008HeadhunterGreg Cox
5%
Novel2007In ExtremisKen Goddard
5%
Comic Book2009Intern At Your Own RiskTokyopop
5%
Novel2008Nevada RoseJerome Preisler
5%
Novel2008Right to DieJeff Mariotte
5%
Comic Book2005Secret IdentityIDW Publishing
5%
Comic Book2003SerialIDW Publishing
5%
Novel2010Shock TreatmentGreg Cox
5%
Novel2010Skin DeepJerome Preisler
5%
Novel2011The Burning SeasonJeff Mariotte
5%
Novel2009The Killing JarDonn Cortez
5%
Comic Book2003Thicker Than BloodIDW Publishing
5%
Comic Book2004Thou Shalt NotIDW Publishing
5%
Comic Book2004Blood/MoneyIDW Publishing
0%
Video Game2014CSI: Hidden CrimesUbisoft
0%
Video Game2010CSI: UnsolvedUbisoft
0%
Comic Book2004Smoking GunIDW Publishing
0%

Score Distribution

Percentile by Number Answered

Percent of People with Each Score

Your Score History

You have not taken this quiz